Länder Afrikas - 30 Sekunden Sprint - Statistiken

Allgemein
  • Dieses Quiz wurde 121 mal gespielt
  • Das Durchschnittsergebnis liegt bei 13 aus 54
Antworten auf der Karte
Die Antworten werden auf der Karte rot bzw. grün angezeigt, abhängig davon wie oft sie richtig erraten wurden.
 
Antwortstatistiken
Land % Korrekt
Algerien
58%
Marokko
58%
Niger
55%
Tunesien
55%
Mali
51%
Kongo (Dem Rep)
47%
Ägypten
46%
Kongo (Rep)
46%
Nigeria
45%
Togo
42%
Kenia
41%
Libyen
40%
Südafrika
36%
Sudan
36%
Benin
33%
Angola
29%
Ghana
29%
Tschad
28%
Gambia
27%
Südsudan
26%
Tansania
26%
Guinea
24%
Sambia
23%
Somalia
23%
Uganda
22%
Eritrea
21%
Namibia
21%
Senegal
21%
Gabun
19%
Lesotho
19%
Madagaskar
18%
Malawi
18%
Ruanda
18%
Äthiopien
17%
Kamerun
15%
Kap Verde
14%
Mauretanien
14%
Botswana
13%
Burundi
13%
Swasiland
12%
Guinea-Bissau
10%
Burkina Faso
9%
Komoren
9%
Simbabwe
9%
Liberia
8%
Mosambik
8%
São Tomé und Príncipe
8%
Dschibuti
6%
Elfenbeinküste
5%
Äquatorial- Guinea
4%
Mauritius
4%
Seychellen
4%
Zentralafrikanische Republik
4%
Sierra Leone
1%
Keine übereinstimmenden Quizze gefunden
Verteilung der Resultate
Anzahl Personen mit jedem Resultat
Perzentil nach korrekt beantworteten Fragen
Ihre Resultats-Entwicklung
Sie haben dieses Quiz noch nicht gespielt